000 00510cam a22002171 4500
001 sa 67005034
003 DLC
005 20260227112353.0
008 890615s1965 ii 000 1 hino
010 _asa 67005034
035 _a(OCoLC)19876507
040 _aDLC
_cWaU
_dDLC
042 _apremarc
050 0 0 _aPK2077
_b.B48
100 1 _aBhatnagar, Ram Ratan.
245 1 0 _aParamparā.
260 _c[1965]
300 _a16, 168 p.
_c18 cm.
500 _aIn Hindi.
650 0 _aShort stories, Hindi.
999 _c74914
_d74914